Nanochemistry / (Record no. 332564)

000 -LEADER
fixed length control field 01567cam a22003737a 4500
001 - CONTROL NUMBER
control field 17764350
003 - CONTROL NUMBER IDENTIFIER
control field NUST
005 - DATE AND TIME OF LATEST TRANSACTION
control field 20171213135350.0
008 - FIXED-LENGTH DATA ELEMENTS--GENERAL INFORMATION
fixed length control field 130605t20132013ne a b 001 0 eng d
010 ## - LIBRARY OF CONGRESS CONTROL NUMBER
LC control number 2012538472
015 ## - NATIONAL BIBLIOGRAPHY NUMBER
National bibliography number GBB2B6851
Source bnb
016 7# - NATIONAL BIBLIOGRAPHIC AGENCY CONTROL NUMBER
Record control number 016214828
Source Uk
020 ## - INTERNATIONAL STANDARD BOOK NUMBER
International Standard Book Number 9780444519566 (hbk.)
020 ## - INTERNATIONAL STANDARD BOOK NUMBER
International Standard Book Number 0444519564 (hbk.)
035 ## - SYSTEM CONTROL NUMBER
System control number (OCoLC)ocn819519574
040 ## - CATALOGING SOURCE
Original cataloging agency UKMGB
Language of cataloging eng
Transcribing agency UKMGB
Description conventions rda
Modifying agency OCLCO
-- YDXCP
-- BWX
-- PAU
-- CIT
-- OCLCQ
-- DLC
042 ## - AUTHENTICATION CODE
Authentication code lccopycat
050 00 - LIBRARY OF CONGRESS CALL NUMBER
Classification number QC176.8.N35
Item number S457 2013
082 04 - DEWEY DECIMAL CLASSIFICATION NUMBER
Classification number 650.5 SER
Edition number 23
100 1# - MAIN ENTRY--PERSONAL NAME
Personal name Sergeev, G. B.
Fuller form of name (Gleb Borisovich),
Relator term author.
9 (RLIN) 7221
245 10 - TITLE STATEMENT
Title Nanochemistry /
Statement of responsibility, etc. G.B. Sergeev,
264 #1 - PRODUCTION, PUBLICATION, DISTRIBUTION, MANUFACTURE, AND COPYRIGHT NOTICE
Place of production, publication, distribution, manufacture Amsterdam :
Name of producer, publisher, distributor, manufacturer Elsevier,
Date of production, publication, distribution, manufacture, or copyright notice 2006
264 #4 - PRODUCTION, PUBLICATION, DISTRIBUTION, MANUFACTURE, AND COPYRIGHT NOTICE
Date of production, publication, distribution, manufacture, or copyright notice ©2006
300 ## - PHYSICAL DESCRIPTION
Extent xii, 249 pages :
Other physical details illustrations ;
Dimensions 24 cm
336 ## - CONTENT TYPE
Content type term text
Content type code txt
Source rdacontent
337 ## - MEDIA TYPE
Media type term unmediated
Media type code n
Source rdamedia
338 ## - CARRIER TYPE
Carrier type term volume
Carrier type code nc
Source rdacarrier
500 ## - GENERAL NOTE
General note "The monograph by professor G.B. Sergeeev was first published in Russian in 2003; its extended English version was published by Elsevier in 2006" -- p. xi.
501 ## - WITH NOTE
With note H.B
504 ## - BIBLIOGRAPHY, ETC. NOTE
Bibliography, etc. note Includes bibliographical references and index.
650 #0 - SUBJECT ADDED ENTRY--TOPICAL TERM
Topical term or geographic name entry element Nanochemistry.
9 (RLIN) 3298
700 1# - ADDED ENTRY--PERSONAL NAME
Personal name Klabunde, Kenneth J.,
Relator term author.
9 (RLIN) 7222
906 ## - LOCAL DATA ELEMENT F, LDF (RLIN)
a 7
b cbc
c copycat
d 2
e ncip
f 20
g y-gencatlg
942 ## - ADDED ENTRY ELEMENTS (KOHA)
Source of classification or shelving scheme
Koha item type Book
Call number prefix IESE
Holdings
Withdrawn status Lost status Source of classification or shelving scheme Damaged status Not for loan Collection code Permanent Location Current Location Shelving location Date acquired Total Checkouts Full call number Barcode Date last seen Price effective from Koha item type
            Institute of Environmental Science and Engineering (IESE) Institute of Environmental Science and Engineering (IESE) General Stacks 12/13/2017   650.5 SER IESE-1729 12/13/2017 12/13/2017 Book
© 2023 Central Library, National University of Sciences and Technology. All Rights Reserved.